| Registos Bibliográficos associados ao registo de autoridade |
|
Etiqueta de registo: 00230nam 2200025 450 001 1735907 003 http://id.bnportugal.gov.pt/bib/catbnp/1735907 010 ## $a978-972-95134-2-8 021 ## $aPT$b273494/08 100 ## $a20100129d2008 m d0pory0103 ba 101 0# $apor 102 ## $aPT 105 ## $aa z 100yy 106 ## $ar 200 1# $aParceria numa Escola Inclusiva$eactas$fdo Encontro Parceria...$gorg. Programa para Prevenção e Eliminação da Exploração do Trabalho Infantil, Câmara
Municipal de Castro Daire 210 #9 $aCastro Daire$cC.M.,$d2008 215 ## $a44 p. a 2 colns$cil.$d30 cm 675 ## $a37.062(469)(042)$vBN$zpor$31411466 675 ## $a37.043(469)(042)$vBN$zpor$31301370 675 ## $a316.344(469)(042)$vBN$zpor$31232351 675 ## $a061.3$vBN$zpor$3292562 710 12 $aEncontro Parceria numa Escola Inclusiva,$d2,$eCastro Daire,$f2007$31408470 712 01 $aPortugal.$bPrograma para Prevenção e Eliminação da Exploração do Trabalho Infantil$4557$31335597 712 01 $aCastro Daire.$bCâmara Municipal$4557$34285 801 #0 $aPT$bBN$gRPC 900 ## $aBIBNAC$d20100330 966 ## $lBN$mFGMON$sS.C. 120575 V. 966 ## $lBN$mFGMON$sS.C. 120575 V.-D
|
|
|